000 00546nam a2200205Ia 4500
005 20260429112058.0
008 260429s9999||||xx |||||||||||||| ||und||
020 _a9788126937455
041 _aEnglish
082 _a181.4
_bCHA
100 _aChande. M. B.
245 0 _aIndian philosophy in modern times /
_cChande. M. B.
250 _a1st ed.
260 _aNew Delhi :
_bAtlantic Publishers and Distributors,
_c2024.
300 _axvi, 405 p.; hb
650 _a India
650 _a modern times
650 _aPhilosophy
942 _cTB
999 _c52238
_d52238